01856nam a2200361Ia 4500001000700000003000900007005001700016007001500033008004100048020001800089020003400107040004400141041001300185245002500198250003100223260005100254300004100305500015100346505051500497650001601012650001301028655003301041700004101074700003701115700003501152700003901187700003901226700003601265856004801301942001201349999001901361952011401380114694DR-UNIBE20260528094018.0cr nn 008mamaa260528b2022 mx |||||s|||| 00| 0 spa d a9786071518293 a9786071518309 (electrónico) aBIBLIOTECA UNIBEcBIBLIOTECA UNIBEerda aspaheng00aWilliams obstetricia aVigésima sexta edición aMéxico : bMcGraw-Hill Interamericana,c2022 axvi, 1328 páginas :bilustraciones aRecurso en línea: Disponible para miembros de UNIBE a través del portal web del CRAI: https://www.unibe.edu.do/biblioteca/libros-electronicos/ aSección 1. Descripción General | Sección 2. Anatomía Y Fisiología Maternas | Sección 3. Placentación, Embriogénesis Y Desarrollo Fetal | Sección 4. Atención Preconcepcional Y Prenatal | Sección 5. El Paciente Fetal | Sección 6. Complicaciones Al Inicio Del Embarazo | Sección 7. Trabajo De Parto | Sección 8. Parto | Sección 9. El Recién Nacido | Sección 10. El Puerperio | Sección 11. Complicaciones Obstétricas | Sección 12. Complicaciones Médicas Y Quirúrgicas |  aObstetricia aMedicina aRecurso electrónico942681 aCunningham, F. Gary916195eañutor 943060aLeveno, Kenneth J.eautor 9172506aDashe, Jodi S. eautor 9172507aHoffman, Barbara L.eautor 9172505aSpong, Catherine Y.eautor 9172508a Casey, Brian M.eautor uhttps://ezproxy.unibe.edu.do:2069/?il=40511 cEB2ddc c114694d114694 00102ddc708eTEXTaPrincipald2026-05-28l0pEB0558r2026-05-28 09:41:23tcopias ilimitadasw2026-05-28yEB